00845nam a22002417a 450000100040000000500170000402000170002102000170003802000180005504000230007305000230009608200080011910000200012724500820014726000350022930000390026450500080030352001590031152100200047052100200049065000490051070000440055988720260320135457.0 a0590449192 : a078073003990 a9780590449205 aDLCcDLCdDLCbeng00aPZ7.S8435bLi 1992 a3331 aStevens, Carla.10aLily and Miss Liberty /cby Carla Stevens ; illustrated by Deborah Kogan Ray. aNew York :bScholastic,c1992. a64 pages :billustrations ;c20 cm aP  aA little girl makes crowns and sells them to help raise money for the pedestal needed for mounting France's gift of the Statue of Liberty to this country. a620 bLexile  aP bRaz-Plus  1aStatue of Liberty (New York, N.Y.)xFiction.1 aRay, Deborah Kogan,d1940-eillustrator